00865nam a2200241 a 450000100100000000500170001000800410002702000180006804000250008608200230011110000220013424501440015625000120030026000520031230000280036450000600039250000400045250000210049250400300051365000350054365000270057870000180060500004495020201002045745.0150122s2014 xxud 001 0 spa d a9781626160415 aDO-SdBNPbspacBNPHU a461.5bN964f, 20141 aNúñez, Rafael10aFonología generativa contemporánea de la lengua española /cRafael A. Núñez Cedeño; Sonia editores, Colina y Travis G. Bradley. a2a. ed. aWashington, DC :bGeorgetown University,c2014. a411 p. :bil. ;c23 cm. aIncluye datos biográficos del autor y de los editores aIncluye índice de temas y lenguas aIncluye glosario aBibliografía p: 369-386 4aLengua españolaxFonología 4aGramática generativa12aColina, Sonia